Statistics for Pokémon - Bug-type Pokémon

Click here to take the quiz!

General Stats

  • This quiz has been taken 101 times
    (31 since last reset)
  • The average score is 78 of 92

Answer Stats

Second TypePokémon% Correct
MONOTYPECaterpie
100%
GroundNincada
100%
PoisonVenonat
100%
PoisonVenomoth
100%
FlyingScyther
100%
PoisonAriados
100%
SteelScizor
100%
FightingHeracross
100%
FlyingBeautifly
100%
PoisonDustox
100%
N/AMetapod
100%
FlyingNinjask
100%
GrassParas
100%
GhostShedinja
100%
FlyingCombee
100%
FlyingVespiquen
100%
RockDwebble
100%
RockCrustle
100%
ElectricJoltik
100%
ElectricGalvantula
100%
FairyCutiefly
100%
IceSnom
100%
GrassParasect
100%
IceFrosmoth
100%
PoisonBeedrill
100%
PoisonKakuna
100%
PoisonWeedle
100%
PRIMARY BUG (Flying)Butterfree
100%
N/APinsir
100%
N/ACascoon
100%
N/ASilcoon
100%
N/AWurmple
100%
ElectricCharjabug
93%
FireLarvesta
93%
FireVolcarona
93%
WaterWimpod
93%
FairyRibombee
93%
PoisonSpinarak
93%
PsychicDottler
93%
PsychicOrbeetle
93%
FlyingMothim
87%
WaterGolisopod
87%
WaterDewpider
87%
PoisonScolipede
87%
PoisonWhirlipede
87%
PoisonVenipede
87%
FlyingMasquerain
87%
RockShuckle
87%
N/ASpewpa
87%
FlyingLedyba
87%
WaterSurskit
87%
N/AGrubbin
87%
FlyingLedian
87%
SteelGenesect
80%
SteelForretress
80%
ElectricVikavolt
80%
N/APineco
80%
GrassLeavanny
80%
GrassSwadloon
80%
SteelDurant
80%
FightingBuzzwole
80%
FightingPheromosa
80%
FireSizzlipede
80%
FireCentiskorch
80%
N/ABlipbug
80%
GrassSewaddle
80%
FlyingVivillon
73%
N/AScatterbug
73%
SteelEscavalier
73%
RockArmaldo
73%
N/AAccelgor
73%
SECONDARY BUG (Rock)Anorith
73%
N/AShelmet
73%
N/AKricketot
73%
WaterAraquanid
73%
N/AKricketune
73%
FightingMega Heracross
67%
PoisonSkorupi
67%
N/AKarrablast
67%
FlyingYanma
67%
PoisonMega Beedrill
67%
FlyingYanmega
67%
FlyingMega Pinsir
67%
SteelMega Scizor
60%
SteelTrash Cloak Wormadam
60%
GroundSandy Cloak Wormadam
60%
N/AVolbeat
53%
N/AIllumise
53%
N/ATrash Cloak Burmy
53%
N/ASandy Cloak Burmy
53%
N/APlant Cloak Burmy
47%
GrassPlant Cloak Wormadam
47%

Score Distribution

Percentile by Number Answered

Percent of People with Each Score

Your Score History

You have not taken this quiz since the last reset